[Event "30th NATO Chess-ch 2019"]
[Site "Berlin"]
[Date "2019.09.19"]
[Round "5.8"]
[White "Wantiez, Fabrice"]
[Black "Pavlidou, Ekaterini"]
[Result "1-0"]
[WhiteElo "2225"]
[BlackElo "2178"]
[Annotator "ChessBase"]
[PlyCount "93"]
[EventDate "2019.09.16"]
[EventType "swiss"]
[EventCountry "GER"]
[SourceTitle "playchess.com"]
[Source "ChessBase"]
[SourceQuality "1"]
[TimeControl "40/7200:1800"]

1. e4 {[%emt 1:59:56]} c5 {[%emt 1:59:45]} 2. Nf3 {[%emt 1:59:50]} Nc6 {[%emt 1:59:50]} 3. d4 {[%emt 1:59:45]} cxd4 {[%emt 1:59:11]} 4. Nxd4 {[%emt 1:59:40]} e5 {[%emt 1:58:03]} 5. Nxc6 {[%emt 1:58:03]} bxc6 {[%emt 1:56:58]} 6. Bd3 {[%emt 1:59:21]} Nf6 {[%emt 1:52:46]} 7. O-O {[%emt 1:52:46]} Bc5 {[%emt 1:51:54]} 8. Qf3 {[%emt 1:57:50]} d6 {[%emt 1:57:50]} 9. c4 {[%emt 1:40:17]} h6 {[%emt 1:55:01]} 10. Nc3 {[%emt 1:54:52]} Be6 {[%emt 1:54:52]} 11. Be3 {[%emt 1:48:02]} Nd7 {[%emt 1:48:02]} 12. b3 {[%emt 1:46:37]} Bd4 {[%emt 1:46:37]} 13. Rac1 {[%emt 1:18:22]} O-O {[%emt 1:16:14]} 14. Bxd4 {[%emt 1:38:51]} exd4 {[%emt 1:38:51]} 15. Ne2 {[%emt 1:16:05]} Ne5 {[%emt 1:37:19]} 16. Qg3 {[%emt 1:15:34]} Qg5 {[%emt 1:14:34]} 17. Rfd1 {[%emt 1:33:55]} c5 {[%emt 1:12:48]} 18. f4 {[%emt 1:23:35]} Qxg3 {[%emt 1:12:40]} 19. Nxg3 {[%emt 1:12:40]} Nc6 {[%emt 0:59:03]} 20. Re1 {[%emt 1:10:23]} Rab8 {[%emt 1:10:23]} 21. Bb1 {[%emt 1:06:39]} f6 {[%emt 1:06:39]} 22. e5 {[%emt 1:04:55]} fxe5 {[%emt 1:04:55]} 23. Be4 {[%emt 0:00:00]} Nb4 {[%emt 0:33:06]} 24. fxe5 {[%emt 0:33:06]} dxe5 {[%emt 1:04:20]} 25. Bb1 {[%emt 1:02:59]} Bg4 {[%emt 0:22:59]} 26. Ne4 {[%emt 0:22:59]} d3 {[%emt 0:19:21]} 27. a3 {[%emt 0:52:25]} Na6 {[%emt 0:52:25]} 28. Rc3 {[%emt 0:18:26]} d2 {[%emt 0:08:38]} 29. Nxd2 {[%emt 0:51:03]} Rbd8 {[%emt 0:08:23]} 30. Nf1 {[%emt 0:08:23]} Rd4 {[%emt 0:07:13]} 31. Rce3 {[%emt 0:44:37]} Nb8 {[%emt 0:06:08]} 32. Rxe5 {[%emt 0:44:11]} Nd7 {[%emt 0:05:00]} 33. Re7 {[%emt 0:05:00]} Nf6 {[%emt 0:03:50]} 34. Rxa7 {[%emt 0:43:10]} Rfd8 {[%emt 0:43:10]} 35. Ne3 {[%emt 0:41:02]} Bh5 {[%emt 0:03:14]} 36. Rc7 {[%emt 0:37:23]} Re8 {[%emt 0:02:17]} 37. h3 {[%emt 0:31:09]} Re5 {[%emt 0:31:09]} 38. a4 {[%emt 0:27:10]} g5 {[%emt 0:00:30]} 39. Rc6 {[%emt 0:26:42]} Nd7 {[%emt 0:00:06]} 40. a5 {[%emt 0:25:11]} Rxe3 {[%emt 0:00:02]} 41. Rxe3 {[%emt 0:00:02]} Rd1+ {[%emt 0:55:05]} 42. Kh2 {[%emt 0:54:59]} Rxb1 {[%emt 0:54:59]} 43. Re7 {[%emt 0:53:54]} Nf8 {[%emt 0:28:24]} 44. a6 {[%emt 0:53:39]} Rb2 {[%emt 0:27:16]} 45. Rf6 {[%emt 0:27:16]} Ra2 {[%emt 0:22:58]} 46. a7 {[%emt 0:50:33]} Nh7 {[%emt 0:50:33]} 47. Rf2 {[%emt 0:49:13]} 1-0

[Event "30th NATO Chess-ch 2019"]
[Site "Berlin"]
[Date "2019.09.19"]
[Round "5.9"]
[White "Valeinis, Janis"]
[Black "Kedzierski, Slawomir"]
[Result "1-0"]
[WhiteElo "2206"]
[BlackElo "2163"]
[Annotator "ChessBase"]
[PlyCount "86"]
[EventDate "2019.09.16"]
[EventType "swiss"]
[EventCountry "GER"]
[SourceTitle "playchess.com"]
[Source "ChessBase"]
[SourceQuality "1"]
[TimeControl "40/7200:1800"]

1. d4 {[%emt 1:59:55]} Nf6 {[%emt 1:59:55]} 2. Nc3 {[%emt 1:59:50]} d5 {[%emt 1:59:17]} 3. Bf4 {[%emt 1:59:44]} Bf5 {[%emt 1:59:44]} 4. f3 {[%emt 1:59:34]} e6 {[%emt 1:57:06]} 5. g4 {[%emt 1:57:06]} Bg6 {[%emt 1:56:56]} 6. h4 {[%emt 1:59:29]} h6 {[%emt 1:59:29]} 7. h5 {[%emt 1:52:20]} Bh7 {[%emt 1:59:18]} 8. e3 {[%emt 1:59:15]} Bd6 {[%emt 1:40:45]} 9. Bd3 {[%emt 1:40:45]} Bxf4 {[%emt 1:58:39]} 10. exf4 {[%emt 1:58:33]} Qd6 {[%emt 1:58:33]} 11. Nge2 {[%emt 1:58:24]} c5 {[%emt 1:32:09]} 12. dxc5 {[%emt 1:21:34]} Qxc5 {[%emt 1:21:34]} 13. g5 {[%emt 1:20:44]} Bxd3 {[%emt 1:21:03]} 14. Qxd3 {[%emt 1:20:30]} Nfd7 {[%emt 1:20:30]} 15. g6 {[%emt 1:09:04]} O-O {[%emt 0:53:09]} 16. gxf7+ {[%emt 0:49:14]} Rxf7 {[%emt 0:49:14]} 17. O-O-O {[%emt 0:47:48]} Nc6 {[%emt 0:51:54]} 18. Rhg1 {[%emt 0:33:24]} Nf8 {[%emt 0:33:24]} 19. Rg4 {[%emt 0:28:39]} Rd8 {[%emt 0:28:39]} 20. a3 {[%emt 0:26:54]} a6 {[%emt 0:41:19]} 21. Rdg1 {[%emt 0:25:52]} Rdd7 {[%emt 0:25:52]} 22. Qd2 {[%emt 0:19:12]} Kh8 {[%emt 0:19:12]} 23. b4 {[%emt 0:13:52]} Qd6 {[%emt 0:13:52]} 24. Nd4 {[%emt 0:13:20]} Ne7 {[%emt 0:13:20]} 25. Na4 {[%emt 0:09:35]} Nf5 {[%emt 0:09:35]} 26. Nc5 {[%emt 0:09:11]} Rc7 {[%emt 0:11:43]} 27. Re1 {[%emt 0:11:43]} Nxd4 {[%emt 0:10:10]} 28. Qxd4 {[%emt 0:08:03]} a5 {[%emt 0:08:03]} 29. Reg1 {[%emt 0:03:58]} axb4 {[%emt 0:07:08]} 30. axb4 {[%emt 0:03:56]} Qe7 {[%emt 0:03:56]} 31. Nd3 {[%emt 0:01:59]} Nd7 {[%emt 0:04:07]} 32. Rg6 {[%emt 0:01:34]} Kh7 {[%emt 0:03:34]} 33. f5 {[%emt 0:00:53]} exf5 {[%emt 0:03:00]} 34. Qf4 {[%emt 0:03:00]} Rc4 {[%emt 0:02:02]} 35. Qg3 {[%emt 0:02:02]} Rc6 {[%emt 0:01:15]} 36. Nf4 {[%emt 0:01:15]} Qxb4 {[%emt 0:00:39]} 37. Rxc6 {[%emt 0:00:10]} bxc6 {[%emt 0:00:10]} 38. Qg6+ {[%emt 0:00:05]} Kg8 {[%emt 0:00:05]} 39. Qxc6 {[%emt 0:00:01]} Qxf4+ {[%emt 0:00:01]} 40. Kb1 {[%emt 0:29:57]} Qb4+ {[%emt 0:29:57]} 41. Kc1 {[%emt 0:29:55]} Qf4+ {[%emt 0:29:55]} 42. Kb1 {[%emt 0:29:54]} Qe3 {[%emt 0:30:13]} 43. Z0 Qe1+ {Rh1 --- Qg6} 1-0

[Event "30th NATO Chess-ch 2019"]
[Site "Berlin"]
[Date "2019.09.19"]
[Round "5.10"]
[White "Oltean, Gusztav"]
[Black "Andersen, Hans-Christoph"]
[Result "0-1"]
[WhiteElo "2053"]
[BlackElo "2201"]
[Annotator "ChessBase"]
[PlyCount "72"]
[EventDate "2019.09.16"]
[EventType "swiss"]
[EventCountry "GER"]
[SourceTitle "playchess.com"]
[Source "ChessBase"]
[SourceQuality "1"]
[TimeControl "40/7200:1800"]

1. d4 {[%emt 1:59:55]} d5 {[%emt 1:59:55]} 2. Nf3 {[%emt 1:58:09]} Nf6 {[%emt 1:59:39]} 3. e3 {[%emt 1:59:16]} e6 {[%emt 1:55:11]} 4. Bd3 {[%emt 1:55:11]} c5 {[%emt 1:54:57]} 5. b3 {[%emt 1:57:54]} Nc6 {[%emt 1:52:40]} 6. a3 {[%emt 1:52:40]} b6 {[%emt 1:50:43]} 7. Nbd2 {[%emt 1:57:03]} Bb7 {[%emt 1:49:38]} 8. Bb2 {[%emt 1:56:55]} Bd6 {[%emt 1:48:23]} 9. Ne5 {[%emt 1:54:46]} O-O {[%emt 1:54:46]} 10. O-O {[%emt 1:46:21]} Qc7 {[%emt 1:54:12]} 11. f4 {[%emt 1:53:26]} Ne7 {[%emt 1:53:26]} 12. c4 {[%emt 1:25:17]} Ne4 {[%emt 1:32:36]} 13. cxd5 {[%emt 1:04:32]} exd5 {[%emt 1:30:21]} 14. Rc1 {[%emt 0:49:11]} Nf5 {[%emt 0:37:23]} 15. Qe2 {[%emt 1:24:52]} f6 {[%emt 0:32:27]} 16. Nxe4 {[%emt 0:32:27]} dxe4 {[%emt 0:31:54]} 17. Bc4+ {[%emt 0:31:54]} Kh8 {[%emt 0:31:48]} 18. Ng4 {[%emt 0:31:48]} Qe7 {[%emt 0:23:33]} 19. dxc5 {[%emt 0:23:33]} Bxc5 {[%emt 0:23:20]} 20. b4 {[%emt 8:34:00]} Bd6 {[%emt 0:40:38]} 21. Nf2 {[%emt 0:23:01]} a5 {[%emt 0:21:41]} 22. g4 {[%emt 0:31:43]} Nh4 {[%emt 0:21:00]} 23. Rfd1 {[%emt 0:25:16]} axb4 24. axb4 {[%emt 0:20:16]} Bxb4 {[%emt 0:18:41]} 25. Bb5 {[%emt 0:18:41]} Rfd8 {[%emt 0:19:17]} 26. Bc6 {[%emt 0:16:00]} Bxc6 {[%emt 0:16:05]} 27. Rxc6 {[%emt 0:16:05]} Bc5 {[%emt 0:15:52]} 28. g5 {[%emt 0:11:52]} fxg5 {[%emt 0:14:47]} 29. Rh6 {[%emt 0:09:52]} Nf3+ {[%emt 0:12:34]} 30. Kh1 {[%emt 0:09:10]} Rxd1+ {[%emt 0:10:36]} 31. Nxd1 {[%emt 0:07:58]} Rd8 {[%emt 0:07:58]} 32. Nc3 {[%emt 0:09:02]} gxf4 {[%emt 0:06:52]} 33. Qc4 {[%emt 0:06:52]} fxe3 {[%emt 0:04:51]} 34. Nxe4 {[%emt 0:05:10]} Nd2 {[%emt 0:05:10]} 35. Rxh7+ {[%emt 0:03:44]} Kxh7 {[%emt 0:03:44]} 36. Nf6+ {[%emt 0:03:36]} Qxf6 {[%emt 0:02:31]} 0-1

[Event "30th NATO Chess-ch 2019"]
[Site "Berlin"]
[Date "2019.09.19"]
[Round "5.11"]
[White "Werksma, Arie"]
[Black "Bohn, Ulrich"]
[Result "0-1"]
[WhiteElo "2197"]
[BlackElo "2157"]
[Annotator "ChessBase"]
[PlyCount "94"]
[EventDate "2019.09.16"]
[EventType "swiss"]
[EventCountry "GER"]
[SourceTitle "playchess.com"]
[Source "ChessBase"]
[SourceQuality "1"]
[TimeControl "40/7200:1800"]

1. Nf3 {[%emt 2:00:00]} Nf6 {[%emt 1:58:51]} 2. b3 {[%emt 1:59:52]} d5 {[%emt 1:58:11]} 3. Bb2 {[%emt 1:59:44]} Bf5 {[%emt 1:57:42]} 4. c4 {[%emt 1:57:42]} e6 {[%emt 1:56:24]} 5. g3 {[%emt 1:53:49]} Be7 {[%emt 1:51:51]} 6. Bg2 {[%emt 1:51:51]} h6 {[%emt 1:51:14]} 7. O-O {[%emt 1:53:35]} O-O {[%emt 1:50:19]} 8. d3 {[%emt 1:51:01]} c5 {[%emt 1:36:03]} 9. Nbd2 {[%emt 1:41:23]} Nc6 {[%emt 1:35:15]} 10. cxd5 {[%emt 1:35:15]} exd5 {[%emt 1:34:24]} 11. Rc1 {[%emt 1:32:26]} d4 {[%emt 1:32:26]} 12. Ba3 {[%emt 1:23:43]} Nd5 {[%emt 1:12:08]} 13. Bb2 {[%emt 1:16:25]} Ncb4 {[%emt 0:50:57]} 14. Ra1 {[%emt 1:10:21]} Bf6 {[%emt 0:38:04]} 15. a3 {[%emt 1:05:20]} Nxd3 {[%emt 0:35:56]} 16. exd3 {[%emt 0:35:56]} Bxd3 {[%emt 0:35:44]} 17. Nc4 {[%emt 0:53:39]} Bxf1 {[%emt 0:35:17]} 18. Qxf1 {[%emt 0:53:07]} Re8 {[%emt 0:53:07]} 19. a4 {[%emt 0:49:54]} Qd7 {[%emt 0:49:54]} 20. Rd1 {[%emt 0:44:33]} Rad8 {[%emt 0:44:33]} 21. Bh3 {[%emt 0:24:44]} Qc7 {[%emt 0:21:35]} 22. Bf5 {[%emt 0:21:35]} Re7 {[%emt 0:24:01]} 23. Bd3 {[%emt 0:22:12]} Nb4 {[%emt 0:17:57]} 24. Bc1 {[%emt 0:19:41]} Qc6 {[%emt 0:17:29]} 25. Qg2 {[%emt 0:15:53]} Nxd3 {[%emt 0:15:57]} 26. Rxd3 {[%emt 0:15:49]} Rde8 {[%emt 0:15:39]} 27. Rd1 {[%emt 0:15:44]} Re2 {[%emt 0:12:57]} 28. Bd2 {[%emt 0:15:38]} Qe4 {[%emt 0:10:02]} 29. Nd6 {[%emt 0:08:35]} Qc2 {[%emt 0:07:16]} 30. Qf1 {[%emt 0:07:38]} R8e7 {[%emt 0:05:58]} 31. Kg2 {[%emt 0:06:47]} Qxb3 {[%emt 0:05:44]} 32. Bf4 {[%emt 0:03:56]} Qd5 {[%emt 0:03:56]} 33. Nb5 {[%emt 0:05:28]} Qc6 {[%emt 0:04:49]} 34. Nxa7 {[%emt 0:03:31]} Qxa4 {[%emt 0:04:48]} 35. Nc8 {[%emt 0:03:22]} R7e6 {[%emt 0:03:22]} 36. h4 {[%emt 0:02:59]} Qc6 {[%emt 0:03:32]} 37. Na7 {[%emt 0:03:32]} Qe4 {[%emt 0:02:55]} 38. h5 {[%emt 0:02:23]} Ra6 {[%emt 0:02:58]} 39. Nb5 {[%emt 0:01:45]} Raa2 {[%emt 0:01:45]} 40. Nd6 {[%emt 0:00:56]} Qc2 {[%emt 0:02:30]} 41. Bd2 {[%emt 0:29:30]} Qd3 {[%emt 0:17:54]} 42. Nxb7 {[%emt 0:19:21]} Ra3 {[%emt 0:14:42]} 43. Bc3 {[%emt 0:13:27]} Rxf2+ {[%emt 0:12:32]} 44. Kxf2 {[%emt 0:12:32]} Qxc3 {[%emt 0:12:25]} 45. Kg2 {[%emt 0:12:34]} Qb2+ {[%emt 0:12:06]} 46. Qe2 Qc3 47. Kf2 Ra4 0-1

[Event "30th NATO Chess-ch 2019"]
[Site "Berlin"]
[Date "2019.09.19"]
[Round "5.12"]
[White "Watters, Chase"]
[Black "Kende, Gyorgy"]
[Result "1-0"]
[WhiteElo "2179"]
[BlackElo "2036"]
[Annotator "ChessBase"]
[PlyCount "52"]
[EventDate "2019.09.16"]
[EventType "swiss"]
[EventCountry "GER"]
[SourceTitle "playchess.com"]
[Source "ChessBase"]
[SourceQuality "1"]
[TimeControl "40/7200:1800"]

1. d4 {[%emt 2:00:00]} Nf6 {[%emt 2:00:00]} 2. c4 {[%emt 1:59:46]} c5 {[%emt 1:59:46]} 3. d5 {[%emt 1:59:17]} e6 {[%emt 1:59:17]} 4. Nc3 {[%emt 1:59:06]} exd5 {[%emt 1:59:06]} 5. cxd5 {[%emt 1:58:56]} d6 {[%emt 1:51:12]} 6. e4 {[%emt 1:58:48]} g6 {[%emt 1:58:48]} 7. Bb5+ {[%emt 1:51:06]} Bd7 {[%emt 1:47:21]} 8. a4 {[%emt 1:57:34]} a6 {[%emt 1:46:11]} 9. Be2 {[%emt 1:55:56]} Bg7 {[%emt 1:45:09]} 10. Bf4 {[%emt 1:52:28]} Qe7 {[%emt 1:44:19]} 11. Nf3 {[%emt 1:40:07]} O-O {[%emt 1:40:07]} 12. Nd2 {[%emt 1:42:54]} Nh5 {[%emt 1:33:15]} 13. Bxh5 {[%emt 1:37:18]} gxh5 {[%emt 1:32:20]} 14. Qxh5 {[%emt 1:36:29]} f5 {[%emt 1:31:07]} 15. Bg5 {[%emt 1:28:26]} Bf6 {[%emt 1:27:08]} 16. Bh6 {[%emt 1:20:48]} Bg7 {[%emt 1:23:06]} 17. Qg5 {[%emt 1:23:06]} Qxg5 {[%emt 1:18:34]} 18. Bxg5 {[%emt 1:18:30]} fxe4 {[%emt 1:18:30]} 19. Ndxe4 {[%emt 1:09:25]} Be5 {[%emt 1:04:18]} 20. O-O {[%emt 1:04:18]} Bf5 {[%emt 1:01:37]} 21. Be7 {[%emt 1:01:37]} Nd7 {[%emt 0:59:10]} 22. Bxd6 {[%emt 0:56:27]} Bxd6 {[%emt 0:57:35]} 23. Nxd6 {[%emt 0:54:30]} Bd3 {[%emt 0:57:25]} 24. Rfe1 {[%emt 0:53:36]} Bf5 {Bg7 Rf5} 25. Nb1 Z0 26. Ne8 Nb8 {Bc8} 1-0

[Event "30th NATO Chess-ch 2019"]
[Site "Berlin"]
[Date "2019.09.19"]
[Round "5.13"]
[White "Aagaard, Gert"]
[Black "Helbig, Mark"]
[Result "0-1"]
[WhiteElo "2029"]
[BlackElo "2332"]
[Annotator "ChessBase"]
[PlyCount "66"]
[EventDate "2019.09.16"]
[EventType "swiss"]
[EventCountry "GER"]
[SourceTitle "playchess.com"]
[Source "ChessBase"]
[SourceQuality "1"]
[TimeControl "40/7200:1800"]

1. d4 {[%emt 2:00:00]} g6 {[%emt 2:00:00]} 2. e4 {[%emt 1:56:20]} Bg7 {[%emt 1:56:20]} 3. Be3 {[%emt 1:54:29]} d6 {[%emt 1:55:45]} 4. Nc3 {[%emt 1:51:17]} a6 {[%emt 1:55:17]} 5. Be2 {[%emt 1:53:19]} Nd7 {[%emt 1:53:19]} 6. Qd2 {[%emt 1:52:48]} b5 {[%emt 1:44:28]} 7. a3 {[%emt 1:52:05]} Bb7 {[%emt 1:52:05]} 8. f4 {[%emt 1:43:47]} e6 {[%emt 1:43:58]} 9. Bf3 {[%emt 1:32:44]} Ne7 {[%emt 1:27:55]} 10. Nge2 {[%emt 1:39:55]} Nb6 {[%emt 1:39:55]} 11. b3 {[%emt 1:25:11]} O-O {[%emt 1:38:53]} 12. O-O {[%emt 1:38:32]} Qd7 {[%emt 1:38:32]} 13. Rad1 {[%emt 1:31:08]} Rad8 {[%emt 1:11:36]} 14. Ng3 {[%emt 1:25:28]} Qc8 {[%emt 1:05:21]} 15. h4 {[%emt 1:05:21]} f5 {[%emt 1:01:13]} 16. h5 {[%emt 1:01:13]} c5 {[%emt 0:53:18]} 17. hxg6 {[%emt 1:05:13]} hxg6 {[%emt 0:53:08]} 18. Nce2 {[%emt 0:56:55]} Qc7 {[%emt 0:56:55]} 19. Kh1 {[%emt 0:48:20]} e5 {[%emt 0:51:38]} 20. dxc5 {[%emt 0:39:25]} dxc5 {[%emt 0:44:47]} 21. Qc1 {[%emt 0:37:09]} Rxd1 {[%emt 0:34:18]} 22. Rxd1 {[%emt 0:34:18]} g5 {[%emt 0:42:21]} 23. Nh5 {[%emt 0:24:54]} g4 {[%emt 0:24:54]} 24. Neg3 {[%emt 0:18:29]} gxf3 {[%emt 0:22:13]} 25. gxf3 {[%emt 0:16:10]} fxe4 {[%emt 0:18:25]} 26. Nxg7 {[%emt 0:08:46]} Kxg7 {[%emt 0:17:22]} 27. Nh5+ {[%emt 0:17:22]} Kf7 {[%emt 0:16:13]} 28. Rg1 {[%emt 0:16:13]} exf3 {[%emt 0:04:36]} 29. Rg7+ {[%emt 0:15:16]} Ke8 {[%emt 0:04:01]} 30. Rh7 {[%emt 0:02:57]} f2+ {[%emt 0:11:50]} 31. Kh2 {[%emt 0:02:56]} Qc6 {[%emt 0:02:56]} 32. Qf1 {[%emt 0:01:23]} Qg6 {[%emt 0:09:38]} 33. Ng7+ {[%emt 0:09:38]} Kf7 {[%emt 0:09:02]} 0-1

[Event "30th NATO Chess-ch 2019"]
[Site "Berlin"]
[Date "2019.09.19"]
[Round "5.14"]
[White "Nilsson, Erik"]
[Black "Lakos, Nikoletta"]
[Result "0-1"]
[WhiteElo "2022"]
[BlackElo "2226"]
[Annotator "ChessBase"]
[PlyCount "64"]
[EventDate "2019.09.16"]
[EventType "swiss"]
[EventCountry "GER"]
[SourceTitle "playchess.com"]
[Source "ChessBase"]
[SourceQuality "1"]
[TimeControl "40/7200:1800"]

1. d4 {[%emt 1:59:54]} d6 {[%emt 1:58:25]} 2. e4 {[%emt 1:59:24]} Nf6 {[%emt 1:58:17]} 3. Nc3 {[%emt 1:59:16]} Nbd7 {[%emt 1:53:00]} 4. g4 {[%emt 1:58:38]} h6 {[%emt 1:48:35]} 5. h3 {[%emt 1:56:21]} e5 {[%emt 1:56:21]} 6. Nge2 {[%emt 1:36:52]} c6 {[%emt 1:16:41]} 7. Bg2 {[%emt 1:55:55]} b5 {[%emt 1:15:16]} 8. a3 {[%emt 1:54:31]} a5 {[%emt 1:14:11]} 9. O-O {[%emt 1:51:18]} Rb8 {[%emt 1:51:18]} 10. Ng3 {[%emt 1:07:28]} g6 {[%emt 0:57:06]} 11. Be3 {[%emt 1:39:18]} Nb6 {[%emt 1:39:18]} 12. dxe5 {[%emt 1:38:08]} dxe5 {[%emt 0:40:27]} 13. Qxd8+ {[%emt 1:30:49]} Kxd8 {[%emt 1:30:49]} 14. f4 {[%emt 0:40:22]} Nc4 {[%emt 0:28:53]} 15. Rad1+ {[%emt 0:28:53]} Nd7 {[%emt 0:23:22]} 16. Bc1 {[%emt 1:29:06]} Bc5+ {[%emt 1:29:06]} 17. Kh1 {[%emt 0:22:26]} Ke7 {[%emt 0:18:34]} 18. Rf3 {[%emt 1:25:22]} exf4 {[%emt 1:25:22]} 19. Rxf4 {[%emt 1:24:34]} Be3 {[%emt 0:09:31]} 20. Bxe3 {[%emt 1:22:05]} Nxe3 {[%emt 0:09:27]} 21. Rd2 {[%emt 1:21:59]} Nc4 {[%emt 0:08:47]} 22. Rdf2 {[%emt 1:21:39]} Nde5 {[%emt 0:08:32]} 23. b4 {[%emt 0:08:32]} Nxa3 {[%emt 0:07:34]} 24. bxa5 {[%emt 1:16:13]} Ra8 {[%emt 0:06:55]} 25. Na2 {[%emt 1:13:08]} Rxa5 {[%emt 0:06:45]} 26. Nc1 {[%emt 0:06:45]} Be6 {[%emt 0:05:22]} 27. Nd3 {[%emt 0:05:22]} Nac4 {[%emt 0:05:11]} 28. Nc5 {[%emt 1:09:01]} Ra1+ {[%emt 0:04:50]} 29. Rf1 {[%emt 1:08:22]} Rxf1+ {[%emt 0:04:17]} 30. Rxf1 {[%emt 1:08:09]} Ne3 {[%emt 0:03:53]} 31. Ra1 {[%emt 1:07:39]} Nxc2 {[%emt 0:03:32]} 32. Ra7+ {[%emt 1:07:32]} Kf6 {[%emt 1:07:32]} 0-1

[Event "30th NATO Chess-ch 2019"]
[Site "Berlin"]
[Date "2019.09.19"]
[Round "5.15"]
[White "Pietruszewski, Marcin"]
[Black "Cheung, Jan"]
[Result "1-0"]
[WhiteElo "2215"]
[BlackElo "2015"]
[Annotator "ChessBase"]
[PlyCount "85"]
[EventDate "2019.09.16"]
[EventType "swiss"]
[EventCountry "GER"]
[SourceTitle "playchess.com"]
[Source "ChessBase"]
[SourceQuality "1"]
[TimeControl "40/7200:1800"]

1. e4 {[%emt 1:59:55]} Nf6 {[%emt 1:59:22]} 2. e5 {[%emt 1:59:48]} Nd5 {[%emt 1:59:48]} 3. d4 {[%emt 1:59:16]} d6 {[%emt 1:59:04]} 4. c4 {[%emt 1:59:04]} Nb6 {[%emt 1:58:55]} 5. exd6 {[%emt 1:59:31]} cxd6 {[%emt 1:58:30]} 6. Nc3 {[%emt 1:59:19]} g6 {[%emt 1:59:19]} 7. Be3 {[%emt 1:59:13]} Bg7 {[%emt 1:57:35]} 8. Rc1 {[%emt 1:59:07]} O-O {[%emt 1:56:57]} 9. b3 {[%emt 1:59:02]} e5 {[%emt 1:59:02]} 10. dxe5 {[%emt 1:56:20]} dxe5 {[%emt 1:51:50]} 11. Qxd8 {[%emt 1:56:10]} Rxd8 {[%emt 1:56:04]} 12. c5 {[%emt 1:56:04]} N6d7 {[%emt 1:55:54]} 13. Bc4 {[%emt 1:50:09]} Nc6 {[%emt 1:53:57]} 14. Nf3 {[%emt 1:53:57]} Na5 {[%emt 1:43:05]} 15. Be2 {[%emt 1:43:05]} Nf8 {[%emt 1:36:52]} 16. O-O {[%emt 1:27:29]} Be6 {[%emt 1:27:29]} 17. Nb5 {[%emt 1:20:50]} h6 {[%emt 1:20:50]} 18. h4 {[%emt 1:02:30]} f5 {[%emt 0:59:26]} 19. g3 {[%emt 0:59:26]} Kh7 {[%emt 1:02:24]} 20. Nd6 {[%emt 0:46:11]} b6 {[%emt 0:46:11]} 21. Rfd1 {[%emt 0:44:02]} bxc5 {[%emt 0:37:18]} 22. Rxc5 {[%emt 0:36:21]} Rxd6 23. Rxa5 Rxd1+ 24. Bxd1 {[%emt 0:36:19]} e4 {[%emt 0:22:48]} 25. Nd4 {[%emt 0:22:48]} g5 {[%emt 0:32:32]} 26. hxg5 {[%emt 0:29:03]} Rd8 {[%emt 0:29:03]} 27. Rxa7 {[%emt 0:25:55]} hxg5 {[%emt 0:16:29]} 28. Bc2 {[%emt 0:16:29]} Kg8 {[%emt 0:15:40]} 29. Nc6 {[%emt 0:14:28]} Rd6 {[%emt 0:14:28]} 30. Ne7+ {[%emt 0:12:00]} Kh8 {[%emt 0:10:28]} 31. Bxg5 {[%emt 0:13:36]} Bd4 {[%emt 0:09:01]} 32. Bf4 {[%emt 0:08:06]} Bxa7 {[%emt 0:06:47]} 33. Bxd6 {[%emt 0:08:04]} Kg7 {[%emt 0:05:49]} 34. Nc6 {[%emt 0:05:49]} Bb6 35. a4 {[%emt 0:05:36]} e3 {[%emt 0:07:12]} 36. fxe3 {[%emt 0:04:42]} Bxe3+ {[%emt 0:04:39]} 37. Kh2 {[%emt 0:06:53]} Nd7 38. Bf4 Bxf4 {[%emt 0:02:34]} 39. gxf4 {[%emt 0:06:51]} Kf6 {[%emt 0:01:06]} 40. a5 {[%emt 0:04:37]} Nc5 {[%emt 0:00:42]} 41. b4 {[%emt 0:04:21]} Bd5 {[%emt 0:29:22]} 42. Nd4 {[%emt 0:23:59]} Ne4 {[%emt 0:27:36]} 43. b5 {[%emt 0:23:56]} 1-0